000 00361nam a2200145Ia 4500
008 240624s9999 xx 000 0 und d
041 _aeng
082 _a658.45 BEL
100 _aBELL ARTHUR H
245 _aMANAGEMENT COMMUNICATION
250 _a(3rd ed.)
260 _c2011
_aNew Delhi
_bWiley India
300 _ax, : 588 : p. : cm. ; 23
365 _cRS
_b31
999 _c20953
_d20953